India- ASEAN economic relations (Record no. 610354)

MARC details
000 -LEADER
fixed length control field 00747nam a2200253Ia 4500
003 - CONTROL NUMBER IDENTIFIER
control field OSt
005 - DATE AND TIME OF LATEST TRANSACTION
control field 20220926004239.0
008 - FIXED-LENGTH DATA ELEMENTS--GENERAL INFORMATION
fixed length control field 220923b |||||||| |||| 00| 0 eng d
020 ## - INTERNATIONAL STANDARD BOOK NUMBER
International Standard Book Number 8171220959
037 ## - SOURCE OF ACQUISITION
Terms of availability General Book
040 ## - CATALOGING SOURCE
Original cataloging agency RTL
Transcribing agency RTL
Language of cataloging eng
041 ## - LANGUAGE CODE
Source of code eng
Language code of text/sound track or separate title eng
100 ## - MAIN ENTRY--PERSONAL NAME
Personal name NAGESH KUMAR
9 (RLIN) 264333
245 #0 - TITLE STATEMENT
Title India- ASEAN economic relations
Remainder of title Meeting the challenges of globalization
260 ## - PUBLICATION, DISTRIBUTION, ETC.
Place of publication, distribution, etc. New Delhi
Name of publisher, distributor, etc. R I S
Date of publication, distribution, etc. 2006
300 ## - PHYSICAL DESCRIPTION
Extent xi, 313p
Dimensions cm.
700 ## - ADDED ENTRY--PERSONAL NAME
Personal name ASHER Mukul
9 (RLIN) 308627
700 ## - ADDED ENTRY--PERSONAL NAME
Personal name SEN Rahul
9 (RLIN) 308628
942 ## - ADDED ENTRY ELEMENTS (KOHA)
Classification part X991.49F, P6
Koha item type General Books
Source of classification or shelving scheme Colon Classification (CC)
Holdings
Withdrawn status Lost status Damaged status Not for loan Home library Current library Date acquired Total Checkouts Full call number Barcode Date last seen Price effective from Koha item type
        Ratan Tata Library Ratan Tata Library 2022-09-26   X991.49F P6 RT1331099 2022-09-26 2022-09-26 General Books
Copyright @ Delhi University Library System